Traduction du français au corse : les animaux - Statistiques

Statistiques générales
  • Ce quiz a été pris 52 fois
  • Le résultat moyen est 8 sur 15
Statistiques - réponses
Français Corsu % Correct
Chien Cane/Ghjàcaru
91%
Chat Misgiu/Ghjattu
85%
Cheval Cavallu/Cavaddu
82%
Sanglier Cignale
76%
Oiseau Acellu/Aceddu
67%
Chèvre Capra
58%
Âne Sumeru/Sameru
58%
Poule Gallina/Ghjaddina
55%
Renard Volpe/Volpi
55%
Poisson Pesciu
48%
Cerf Cervu
42%
Serpent Serpu/Sarpu/Serpente
36%
Canard Anatra
18%
Moustique Zinzale
12%
Crabe Granciu
3%
Aucun quiz correspondant
Distribution des résultats
% des personnes avec chaque résultat
Percentile par nombre de réponses
Votre historique - résultats
Vous n’avez pas pris ce quiz